000 00318pam a2200133 a 4500
020 _c
041 _h
082 _a770.9
_bGUP
100 _aDr. Vijaya Gupchup.
245 _aSt. Thomas Cathedral Bombay
_hTextual Documents
260 _a[s.l]:
_bEminence Design Pvt. Ltd
300 _a183:
_bpaper.
930 _a4195
999 _c237985
_d237985